000 00625cam a22002053a 4500
001 45869
003 PGUSA
005 20140828084052.0
008 140603s2014||||xxu|||||s|||||000 | eng d
040 _aPGUSA
_beng
042 _adc
100 1 _aRoberts, S. C.
_q(Sydney Castle)
245 1 4 _aThe Story of Doctor Johnson :
_bBeing an Introduction to Boswell's Life
_h[electronic resource] /
_cS. C. Roberts
260 _bProject Gutenberg,
_c2014
506 _aPublic domain in the USA.
516 _aElectronic text
830 0 _aProject Gutenberg
_v45869
856 4 0 _uhttp://www.gutenberg.org/ebooks/45869
942 _cEB
999 _c275119
_d275119